عرض عادي عرض مارك
  • Newbould, Elizabeth.

مدخل إسم شخص

عدد التسجيلات المستخدمة في: 1

001 - رقم الضبط

  • حقل الضبط: 41990

003 - معرف رقم الضبط

  • حقل الضبط: OSt

005 - تاريخ ووقت أخر عملية

  • حقل الضبط: 20140109164317.0

008 - عناصر بيانات ثابتة الطول

  • حقل تحكم ثابت الطول: 140109|||a|||||| | ||| d

040 ## - مصدر الفهرسة

  • هيئة الفهرسة الأصلية: OSt
  • وكالة الكتابة: OSt

100 ## - مدخل -- أسم شخص

  • إسم شخص: Newbould, Elizabeth.

670 ## - بيانات المصدر موجوده

  • الاستشهاد بالمصدر: Work cat.: (OSt)0: Howson, Cindi., SAP BusinessObjects BI 4.0 :, c2013.